Apatzingán : carta edafológica /

Guardado en:
Bibliografiske detaljer
Institution som forfatter: México. Secretaría de Programación y Presupuesto. Dirección General de Geografía
Format: Kort
Serier:(Carta Edafológica)
Fag:
Tags: Tilføj Tag
Ingen Tags, Vær først til at tagge denne postø!

MARC

LEADER 00000nem^a2200000^a^4500
001 000091080
005 20250521000000.0
007 $$aaj#canzn
009 20260310092633.865
037 |a Acervo ITESO - Biblioteca 
041 |a GRA 
093 |a E-13-B-48 
110 |a México.  |b Secretaría de Programación y Presupuesto. Dirección General de Geografía 
240 1 1 |a [Apatzingán, materiales cartográficos] 
245 1 0 |a Apatzingán :  |b carta edafológica / 
255 |a Escala 1:50 000 ;  |b Proyección Universal Transversa de Mercator 
264 |a México :  |b Secretaría de Programación y Presupuesto, Dirección General de Geografía 
300 |a 1 mapa 
336 |a imagen cartográfica estática  |b cri  |2 rdacontenido 
337 |a sin mediación  |b n  |2 rdamedio 
338 |a mapa  |b nz  |2 rdasoporte 
440 1 |a (Carta Edafológica) 
522 |a Cartas adyacentes: E13B37, E13B38, E13B39, E13B47, E13B49, E13B57, E13B58, E13B59 
522 |a Unidades de suelo predominantes: Vertisol, andosol y luvisol 
522 |a Carta formada por métodos fotogramétricos a partir de fotografías obtenidas en 1974 
546 |a Edición gráfica con texto en español 
649 |a XX 
650 |a Edafología -  |z México 
650 |a Suelos -  |z México 
650 |a Río Grande 
650 |a Apatzingán, Michoacán -  |x Mapas 
650 |a Buena Vista Tomatlán, Michoacán 
650 |a General Francisco Villa, Michoacán 
650 |a Santa Ana Amatlán, Michoacán 
650 |a Michoacán -  |x Mapas 
650 |a México -  |x Mapas 
910 |a Fondo General 
920 |a Gráficos - Mapas 
905 |a 503 
901 |a 0900071693  |b IT2  |c MAP  |u 20250521 
902 |a https://opac.biblio.iteso.mx/vufind/Record/000091080